01219cpcaa2200325 a 4500001001300000003000400013005001700017008004100034010001700075040002400092072001200116100002100128245004200149300001300191506002200204520019300226545002200419546003600441580005700477600003500534600003600569610003200605650002100637650003000658650002100688651003800709651006300747651006000810656002300870mm 79001739 DLC20260227111638.0791113|||||||||||| eng  amm 79001739  aDLCcDLCedacsdDLC 7aC2lcmd1 aShipman, Thomas.00aThomas Shipman correspondence,f1769. a1fitem.0 aOpen to research.8 aALS (1769 March 6) written by Shipman to Henry Remson in New York regarding his order and mentioning the possibility that Parliament would repeal taxes on paper and glass [Townshend Acts].0 aBritish merchant. aCollection material in English. aForms part of: Miscellaneous Manuscripts collection.10aRemson, HenryvCorrespondence.10aTownshend, Charles,d1725-1767.10aGreat Britain.bParliament. 0aGlassxTaxation. 0aMerchantszGreat Britain. 0aPaperxTaxation. 0aGreat BritainxColonieszAmerica. 0aNew York (State)xHistoryyColonial period, ca. 1600-1775. 0aUnited StatesxHistoryyColonial period, ca. 1600-1775. 7aMerchants.2itoamc